| 000 | 00688nam a22002535a 4500 | ||
|---|---|---|---|
| 001 | 001381931 | ||
| 003 | AR-RoIUNI | ||
| 005 | 20190509113506.0 | ||
| 007 | ta | ||
| 008 | 161215s2015 ag r spa | ||
| 015 | _aAR-2015 | ||
| 020 | _a9789873765087 | ||
| 040 |
_aAR-BaBN _cIUNIR |
||
| 044 |
_aag _car-c |
||
| 080 | _a378 | ||
| 245 | 1 | 0 |
_aIngenierÃa _bImpacto en la calidad educativa. |
| 260 |
_aBuenos Aires : _bCONEAU, _c2015. |
||
| 300 |
_a288 p. ; _c22 cm. |
||
| 650 | 1 | 0 |
_9489 _aEducación Superior |
| 930 | 1 |
_lBNA01 _mLIBRO _601057472 _820161215 _f11 |
|
| 942 |
_2cdu _cBK |
||
| 956 |
_aVGONZALEZ _b20 _c20161215 _lBNA01 _h1041 |
||
| 956 |
_aFCORTI _b20 _c20170515 _lBNA01 _h1209 |
||
| 999 |
_c4599 _d4599 |
||